000 00548nam a22001817a 4500
005 20251108164111.0
008 250721s1993 xx 000 0 ara d
082 1 4 _a210/عبد
100 1 _aطاش، عبد القادر
245 1 0 _aصورة الإسلام في الإعلام الغربي /
250 _aط2.
264 1 _aالقاهرة :
_bالزهراء للإعلام العربي،
_c1993.
300 _a175 ص
650 1 7 _aالإسلام
650 1 7 _aالإستشراق و المستشرقون
942 _2ddc
_cBK
999 _c3640
_d3640